000 01324naa a22003017a 4500
001 BR6600091
003 BR-BrBNA
005 20240918173302.0
007 ta
008 230509b bl.||||| |||| 00| 0 por d
040 _aBR-BrBNA
_bpor
_cBiblioteca Nacional de Agricultura
041 _a(Pt)
072 _aE15; E50
_b/G514
090 _aE15 BR6600091
100 1 _aLanglois, M.T.T.M.
111 1 _a1. Seminario Brasileiro de Cooperativas de Economia e Credito Mutuo
_cRio de Janeiro, GB (Brazil)
_d20 Oct 1966
245 1 _aAtividades do Centro Brasileiro de Treinamento de Cooperativismo de Economia e Credito Mutuo [Microeconomia; Sociologia rural]
260 3 _aRio de Janeiro, GB (Brasil):
_cDec 1966.
500 _aAnais do 1. Seminario Brasileiro de Cooperativas de Economia e Credito Mutuo Rio de Janeiro, GB (Brasil): Dec 1966. p. 72-75 (BR6600091-AM)E15 A monografia está disponível na(o)* INCRA, Brasilia, DF (Brazil)
650 _aMicroeconomia
650 _aSociologia rural
650 _aCooperativa de credito
650 _aAssistencia tecnica
650 _aDivulgacao
773 0 _tAnais do 1. Seminario Brasileiro de Cooperativas de Economia e Credito Mutuo
_wE15 BR6600091
_gRio de Janeiro, GB (Brasil), Dec 1966. p. 72-75
909 _a202404
_bLucia
_c55
_dLucia Elande
942 _cAM
_2AGRIS
999 _c303771
_d303771